000 00662nam a2200205Ia 4500
003 GCL
008 140319s9999 xx 000 0 ara d
040 _aGCL /
_cGCL
082 0 4 _a320.54
_bا ب
100 1 _aانطوان زحلان
245 1 0 _aالبعد التكنولوجى للوحدة العربية /
_cانطوان زحلان
260 _a[S.N] :
_bمركز دراسات الوحدة العربية ،
_c1983
300 _a116 ص
490 _a
650 0 4 _aالعالم العربى
650 0 4 _aالوحدة العربية
650 0 4 _aالقومية العربية
650 0 4 _aالتكنولوجيا والدولة
942 _2ddc
_cBK
999 _c36430
_d36430